| 000 | 00844cam a22002771 4500 | ||
|---|---|---|---|
| 001 | 16433 | ||
| 003 | BD-RjUL | ||
| 005 | 20211209000017.0 | ||
| 008 | 140213s1952 paua 001 0 eng | ||
| 035 | _a(BD-RjUL)16488 | ||
| 035 | _a(OCoLC)1482147 | ||
| 040 |
_aDLC _cFJ _dBD-RjUL _beng |
||
| 041 | _aeng | ||
| 082 | 0 | 0 |
_a792 _220 _bHEP 1952 |
| 100 | 1 |
_aHewitt, Barnard, _d1906- _950810 |
|
| 245 | 1 | 0 |
_aPlay production : _btheory and practice / _cby Barnard Hewitt, J.F. Foster, and Muriel Sibell Wolle. |
| 260 |
_aPhiladelphia : _bLippincott, _cc1952. |
||
| 300 |
_aviii, 488 p. : _billus. ; _c23 cm. |
||
| 500 | _aIncludes index. | ||
| 650 | 0 |
_aTheater _xProduction and direction. _950317 |
|
| 700 | 1 |
_aFoster, J.F. _950811 |
|
| 700 | 1 |
_aWolle, Muriel Sibell. _950812 |
|
| 942 |
_2ddc _cBK |
||
| 999 |
_c16433 _d16433 |
||